MARC

LEADER 00000nam0a2200000 4500
001 50713
005 20231031033409.0
035 |a (RuTPU)RU\TPU\book\53094 
090 |a 50713 
100 |a 20030418d1974 m y0rusy50 ca 
101 0 |a rus 
102 |a RU 
105 |a a j 001zy 
200 1 |a Теплообменные аппараты и конденсационные установки  |e учебник  |f В. Г. Ермилов 
205 |a 3-е изд., перераб. 
210 |a Ленинград  |c Судостроение  |d 1974 
215 |a 223 с.  |c ил. 
320 |a Библиогр.: с. 219-220. 
610 1 |a теплотехника 
610 1 |a теплообмен 
610 1 |a теплообменные аппараты 
610 1 |a конденсационные установки 
610 1 |a судовые конструкции 
610 1 |a судовые энергетические установки 
610 1 |a конструкции 
610 1 |a теория 
610 1 |a расчет 
610 1 |a режимы 
610 1 |a поверхности 
610 1 |a подогреватели 
610 1 |a охладители 
610 1 |a питательная вода 
610 1 |a водоопреснительные установки 
610 1 |a испарительные установки 
610 1 |a учебники 
675 |a 621.1.016.4-05(075.8)  |v 3 
675 |a 621.175(075.8)  |v 3 
700 1 |a Ермилов  |b В. Г.  |g Валентин Георгиевич 
801 1 |a RU  |b 63413507  |c 20030418  |g PSBO 
801 2 |a RU  |b 63413507  |c 20201008  |g PSBO 
942 |c BK